Ελληνικά παραμύθια με ανεξιχνίαστες γριές

Αποθηκεύτηκε σε:
Λεπτομέρειες βιβλιογραφικής εγγραφής
Κύριος συγγραφέας: Στρουμπούλη, Αγνή
Μορφή: Βιβλίο
Γλώσσα:Greek
Δημοσίευση: Αθήνα : Απόπειρα, 2017.
Έκδοση:4η εκδ.
Σειρά:Του κόσμου τα παραμύθια ; 19
Θέματα:
Ετικέτες: Προσθήκη ετικέτας
Δεν υπάρχουν, Καταχωρήστε ετικέτα πρώτοι!

MARC

LEADER 00000cam a2200000 a 4500
001 1/120096
008 191010r20172002gr | ||| |||| ||gre||
020 |a 9789605370510 
040 |a GR-MyUa  |b gre  |c GR-MyUa  |e AACR2 
041 0 |a gre 
082 7 |a 808.80375 ή 372.67  |2 (23) 
100 1 |a Στρουμπούλη, Αγνή. 
245 1 0 |a Ελληνικά παραμύθια με ανεξιχνίαστες γριές /   |c Αγνή Στρουμπούλη.  
250 |a 4η εκδ.  
260 |a Αθήνα :   |b Απόπειρα,   |c 2017.  
300 |a 156 σ. ;   |c 20 εκ.  
490 1 |a (Του κόσμου τα παραμύθια) ;   |v 19 
650 0 |a Narration (Rhetoric) 
650 0 |a Fairy tales  |z Greece. 
650 0 |a Folk literature, Greek. 
650 0 |a Tales. 
830 0 |a Του κόσμου τα παραμύθια ;  |v 19 
852 |a INST  |b SAMOS  |e 20191010  |h 808.80375 ΣΤΡ  |p 005300046149  |q 005300046149  |t BK  |y 0 
920 |a Σιταροπούλου   |b Μαρία  |y Σάμος  |z 2019-07 
970 |a Γουβάλα  |b Βάσω  |z 10-10-2019